00909nam a2200241 a 4500001001000000003000500010005001700015008004100032010001100073011001100084040000900095100003500104245014100139260004100280500006000321502007100381650002000452650003100472650004400503650002900547650002100576856007000597000112259CHAP20220329144253.0160119s2015 mx a fsm |||||||spa d a108720 a109692 cCHAP1 aHernández Solís, Guillermo10aDiagnóstico de equipos de bombeo en pozos profundos en el municipio de Metepec, Hgo./h[En línea]cpor Guilermo Hernández Solís. aChapingo, Méx. :bEl autor,c2015. aPara ver el contenido del material haga clic en la liga aTesis (Ing. en Irrigación) -- UACH. Departamento de Irrigación14aBombeoxCostos.14aIngeniería hidráulica.14aIrrigaciónxImplementos y maquinaria.14aPozos para irrigación.14aPozos profundos. aFinding aiduhttp://10.13.5.2/tesis/sist112259.pdfzTeclea aquí